Mixed tenure communities and neighbourhood quality (Record no. 79286)
[ view plain ]
| 000 -LEADER | |
|---|---|
| fixed length control field | 01256cab a22002055a 4500 |
| 001 - CONTROL NUMBER | |
| control field | L140496 |
| 008 - FIXED-LENGTH DATA ELEMENTS--GENERAL INFORMATION | |
| fixed length control field | 070925s2007 xxk f 000 0 eng d |
| 035 ## - SYSTEM CONTROL NUMBER | |
| System control number | (Sirsi) u140496 |
| 041 0# - LANGUAGE CODE | |
| Language code of text/sound track or separate title | eng |
| 100 1# - MAIN ENTRY--PERSONAL NAME | |
| Personal name | Kearns, Ade |
| 245 00 - TITLE STATEMENT | |
| Title | Mixed tenure communities and neighbourhood quality |
| 260 ## - PUBLICATION, DISTRIBUTION, ETC. | |
| Date of publication, distribution, etc. | 2007 |
| 490 ## - SERIES STATEMENT | |
| Series statement | Housing Studies |
| Volume/sequential designation | 22(5) September 2007, 661-691(31) |
| 520 ## - SUMMARY, ETC. | |
| Summary, etc. | Examines the effectiveness and issues surrounding the UK's policy of promoting mixed tenure communities. Analyses the positive economic and service impacts and community-level benefits which successful application of this policy can bring. Social environment, behaviours and appearance can benefit, and a reduction social exclusion can result. Considers how tenure mix can be effectively measured. Uses findings from the Survey of English Housing to demonstrate that the level of social renting has greater bearing on conditions than the level of tenure mixing. Argues that tenure dispersal policies are more effective than dilution. |
| 590 ## - LOCAL NOTE (RLIN) | |
| Local note | KA |
| 651 #4 - SUBJECT ADDED ENTRY--GEOGRAPHIC NAME | |
| Geographic name | United Kingdom |
| Chronological subdivision | |
| 690 ## - LOCAL SUBJECT ADDED ENTRY--TOPICAL TERM (OCLC, RLIN) | |
| Topical term or geographic name as entry element | PROPERTY-RESIDENTIAL PROPERTY-DOMESTIC RESIDENTIAL PROPERTY-HOUSING-HOUSES-MIXED HOUSING DEVELOPMENTS-HOUSING ON HOUSING ESTATES |
| 700 1# - ADDED ENTRY--PERSONAL NAME | |
| Personal name | Mason, Phil |
| 942 ## - ADDED ENTRY ELEMENTS (KOHA) | |
| Suppress in OPAC | 0 |
| Withdrawn status | Lost status | Source of classification or shelving scheme | Damaged status | Not for loan | Home library | Current library | Shelving location | Date acquired | Total Checkouts | Full call number | Barcode | Date last seen | Copy number | Price effective from | Koha item type |
|---|---|---|---|---|---|---|---|---|---|---|---|---|---|---|---|
| Dewey Decimal Classification | London | London | Journal article | 25/09/2007 | L140496 | 140496-1001 | 06/08/2019 | 1 | 06/08/2019 | Journal article |